| 000 | 00600nam a2200181 u 4500 | ||
|---|---|---|---|
| 001 | 000002612 | ||
| 005 | 20260527101000.0 | ||
| 008 | 090703s1998 dr r 000 0 spa d | ||
| 040 |
_aDO-SdBNP _bspa _cBNPHU |
||
| 100 | 1 |
_aMora, Wilfredo, _d1965- _912701 |
|
| 245 | 1 | 0 |
_aLa psicología forense en la República Dominicana / : _bWilfredo Mora. |
| 260 |
_aSanto Domingo : _bBúho, _c1998. |
||
| 300 |
_a29p ; _c22cm. |
||
| 500 | _aIncluye referencia bibliográfica | ||
| 650 | 0 |
_aPsicología forense _98234 |
|
| 700 | 1 |
_aMejía A, Elizabeth _eilustración de portada _98235 |
|
| 700 | 1 |
_aRamírez, Jairo _98236 |
|
| 999 |
_c2448 _d2448 |
||